Los límites de la jurisdicción penal
Zapisane w:
| 1. autor: | |
|---|---|
| Format: | Książka |
| Język: | hiszpański |
| Wydane: |
Buenos Aires
Ad-Hoc
1997
|
| Hasła przedmiotowe: | |
| Etykiety: |
Dodaj etykietę
Nie ma etykietki, Dołącz pierwszą etykiete!
|
MARC
| LEADER | 00000nam a2200000 a 4500 | ||
|---|---|---|---|
| 001 | UCM9127 | ||
| 003 | CL-VaPUC | ||
| 008 | 030411e19970000AG |||||||||||||||||spa|d | ||
| 082 | 0 | 4 | |a 345.01 |b ROD |2 21 |
| 100 | 0 | |a Rodríguez, Mariano A |e author |9 475539 | |
| 245 | 1 | 4 | |a Los límites de la jurisdicción penal |
| 300 | |a 111 p | ||
| 942 | |c BK | ||
| 945 | |d 20030411 00:00:00 |a cmena | ||
| 260 | |a Buenos Aires |b Ad-Hoc |c 1997 | ||
| 650 | 7 | |a DERECHO PENAL |2 CL-VaPUC |9 11 | |
| 650 | 7 | |a JURSIPRUDENCIA |2 CL-VaPUC |9 475540 | |
| 650 | 7 | |a TRIBUNALES PENALES |2 CL-VaPUC |9 467686 | |
| 650 | 0 | |a Delitos |9 224143 | |
| 650 | 0 | |a Sentencias |9 256250 | |
| 583 | |a last modification |c 20030411 00:00:00 |k Rodrigo Vera | ||
| 999 | |c 303503 |d 303501 | ||
| 952 | |0 0 |1 0 |4 0 |6 345_010000000000000_ROD_1997 |7 0 |8 A |9 364851 |a BIBDER |b BIBDER |d 2019-11-21 |i 3892301 |o 345.01 ROD 1997 |p 3892301 |r 2023-01-25 |w 2019-11-21 |y BK |k DER | ||